00826nam a2200205 a 450000100100000000500170001000800410002702000150006804000250008324501200010826000310022830000280025949000290028750000730031650400300038970000410041983000380046095201050049899900170060300004318420201002040713.0140221s1989 sp ac 000 c spa d a8470395270 aDO-SdBNPbspacBNPHU00aCuentos modernistas hispanoamericanos /cedición, selección, introducción y notas de Enrique Marini-Palmieri. aMadrid :bCastalia,c1989. a318 p. :bil. ;c19 cm.1 aClásicos castaliav180 aIncluye referencias bibliográficas y notas al pie de las páginas aBibliografía : p. 43-4512aMarini-Palmieri, Enriqueeed.970775 0aClásicos castalia ;n180970776 001050718MOaGRbGRcCTd2014-02-21iLF1l0o p43184-10r2020-06-25w2020-06-25y1ZNo se presta c42673d42673